| 000 | 00526nam a22001577a 4500 | ||
|---|---|---|---|
| 003 | NUST | ||
| 082 | _a629.8 | ||
| 100 |
_a Ahmed ,Soban _9126977 |
||
| 245 |
_aDevelopment of Ethical Framework for Metaverse / _cSoban Ahmed |
||
| 264 |
_aIslamabad: _bSMME- NUST. _c2024. |
||
| 300 |
_b30cm. _cSoft Copy, |
||
| 650 |
_aMS Robotics and Intelligent Machine Engineering _9119486 |
||
| 700 |
_aSupervisor: Dr. Khawaja Fahad Iqbal _9125661 |
||
| 856 | _uhttp://10.250.8.41:8080/xmlui/handle/123456789/47996 | ||
| 942 |
_2ddc _cTHE |
||
| 999 |
_c612336 _d612336 |
||